| 000 | 00596nam a2200181 4500 | ||
|---|---|---|---|
| 001 | 108926 | ||
| 003 | ES-MaACL | ||
| 005 | 20230906184736.0 | ||
| 007 | t| | ||
| 008 | 061121s1973 ag r ||||1| spa d | ||
| 100 | 1 |
_aMoore, Condict. _982804 |
|
| 245 | 1 | 0 |
_aSinopsis de cancerología clínica / _cCondict Moore ; [ traducción Alejandro Elola ; supervisión Mario Marino ]. |
| 260 |
_aBuenos Aires[ etc.] : _bEl Ateneo, _c[1973] |
||
| 300 |
_aVIII, 306 p. : _bil ; _c23 cm. |
||
| 700 | 1 |
_aElola, Alejandro. _947067 |
|
| 700 | 0 |
_aMarino, Mario A. _976854 |
|
| 852 |
_aES-MaACL _jE-7651 _bR.92122 |
||
| 999 |
_c108926 _d108926 |
||